Franz Wanner : eingestellte Gegenwarten : Bilder einer Ausbeutung = presenze sospese : immagini di uno sfruttamento = suspended presences : images of exploitation /
| Uniform Title: | Franz Wanner (Hirmer Verlag) |
|---|---|
| Other Authors: | , , |
| Format: | Book |
| Language: | German Italian English |
| Language Notes: | In German, Italian and English. |
| Published: |
München :
Hirmer Verlag,
[2025]
|
| Subjects: |
MARC
| Tag | First Indicator | Second Indicator | Subfields |
|---|---|---|---|
| LEADER | 00000cam a2200000 i 4500 | ||
| 001 | in00005777101 | ||
| 005 | 20260330150057.2 | ||
| 008 | 251115t20252025gw ah bc 000 0dger d | ||
| 040 | |a OHX |b eng |e rda |c OHX |d CUY |d OCLCO |d PUL |d JPG |d HFL | ||
| 020 | |a 9783777446493 | ||
| 020 | |a 3777446491 |q (hardcover) | ||
| 024 | 3 | |a 9783777446493 | |
| 035 | |a (OCoLC)1551477817 | ||
| 041 | |a ger |a ita |a eng | ||
| 050 | 4 | |a N6888.W357 |b A4 2025 | |
| 072 | 7 | |a N |2 lcco | |
| 072 | 7 | |a TR |2 lcco | |
| 130 | 0 | |a Franz Wanner (Hirmer Verlag) | |
| 245 | 1 | 0 | |a Franz Wanner : |b eingestellte Gegenwarten : Bilder einer Ausbeutung = presenze sospese : immagini di uno sfruttamento = suspended presences : images of exploitation / |c herausgegeben von Kunst Meran Merano Arte, Kristina Kreutzwald, Martina Oberprantacher, Anna Zinelli. |
| 246 | 3 | 0 | |a Eingestellte Gegenwarten : |b Bilder einer Ausbeutung |
| 246 | 3 | 0 | |a Presenze sospese : |b immagini di uno sfruttamento |
| 246 | 3 | 0 | |a Suspended presences : |b images of exploitation |
| 264 | 1 | |a München : |b Hirmer Verlag, |c [2025] | |
| 264 | 4 | |c ©2025 | |
| 300 | |a 175 pages : |b illustrations (chiefly color), facsimiles ; |c 25 cm | ||
| 336 | |a text |b txt |2 rdacontent | ||
| 336 | |a still image |b sti |2 rdacontent | ||
| 337 | |a unmediated |b n |2 rdamedia | ||
| 338 | |a volume |b nc |2 rdacarrier | ||
| 546 | |a In German, Italian and English. | ||
| 500 | |a Published on the occasion of an exhibition held at Kunst Meran Merano Arte, October 25, 2025-January 18, 2026, and at Städtische Galerie im Lenbachhaus und Kunstbau München, March 23-July 19, 2026. | ||
| 504 | |a Includes bibliographical references (pages 168-169). | ||
| 600 | 1 | 0 | |a Wanner, Franz, |d 1975- |v Exhibitions. |
| 650 | 0 | |a National socialism in art |v Exhibitions. | |
| 650 | 0 | |a World War, 1939-1945 |x Conscript labor |v Exhibitions. | |
| 650 | 6 | |a Nazisme dans l'art |0 (CaQQLa)000291714 |v Expositions. |0 (CaQQLa)201-0378191 | |
| 650 | 6 | |a Guerre mondiale, 1939-1945 |0 (CaQQLa)201-0056575 |x Travail obligatoire |0 (CaQQLa)201-0056575 |v Expositions. |0 (CaQQLa)201-0378191 | |
| 655 | 7 | |a exhibition catalogs. |2 aat |0 (CStmoGRI)aatgf300026096 | |
| 655 | 7 | |a Exhibition catalogs. |2 lcgft | |
| 655 | 7 | |a Catalogues d'exposition. |2 rvmgf |0 (CaQQLa)RVMGF-000001063 | |
| 700 | 1 | |a Kreutzwald, Kristina, |e editor. | |
| 700 | 1 | |a Oberprantacher, Martina, |e editor. | |
| 700 | 1 | |a Zinelli, Anna, |e editor. |1 https://id.oclc.org/worldcat/entity/E39PCjKXhTf7hDp3Vq3CCgwm7d | |
| 700 | 1 | |a Wanner, Franz, |d 1975- |e interviewee. |1 https://id.oclc.org/worldcat/entity/E39PBJyRxKCkVrTXfd9cQPT4MP | |
| 710 | 2 | |a Kunst Meran, |e host institution. | |
| 710 | 2 | |a Städtische Galerie im Lenbachhaus München, |e host institution. | |
| 852 | 8 | |b POD |z This title is available for the library to purchase for your use. Click the "Purchase It For Me" button to place a request. This item will take 5-10 business days to arrive. | |
| 955 | |a Print PDA title | ||
| 961 | |m 565730 | ||
| 999 | f | f | |i 75c363ff-d356-4493-9177-749577941aa6 |s 6531b0df-8758-4950-9da3-4e263102ffb1 |t 0 |
| 952 | f | f | |a Texas A&M University |b College Station |c Sterling C. Evans Library |s Evans POD |d Purchase on Demand |t 0 |e N6888.W357 A4 2025 |h Library of Congress classification |
| 998 | f | f | |a N6888.W357 A4 2025 |t 0 |l Purchase on Demand |